MDQL
is popping MORE tags! Check the
thread
!
Quizzes
Events
Quiz Creation
Community
Videos
Private Events
Remove Ads
Sign In
Join for FREE
Feedback
Dark Mode
Quiz Categories
Sports
Geography
Music
Movies
Television
Just For Fun
Miscellaneous
History
Literature
Language
Science
Gaming
Entertainment
Religion
Holiday
For Kids
Quiz Lab
Recent
Popular Today
Quiz Kudos Today
Editor Picks
Curator Picks
Quizzes by...
Day
Popularity
Type
Ratings
Length
Year
Community
Subscriptions
Recent Discussions
Orange Saloon
Badges
Playlists
Quests
Create
Leaderboards
Showdown
Live 5
Trivia Bingo
Activity
Puzzle Library
Sporcle Events
Private Events
Virtual Trivia
Globe League
Become a Host
Pub Owners
SporcleCon
Opinionation
Our Games
Videos
Blog
Mobile Apps
Partnerships
Remove Ads and Go Orange
Feedback
Gaming
Video Games
Board Games
Card Games
Pokémon
Mario
Nintendo
Minecraft
Console
Toys
Legend of Zelda
Gaming
Video Games
Board Games
Card Games
Pokémon
Mario
Nintendo
Minecraft
Console
Toys
Legend of Zelda
Random Quiz
Search Sporcle
×
Quiz Lab
Quiz Lab
Gaming
Nintendo
Type in answers that appear in a list
Type in answers that appear in a list
Classic
Best Score? Go Orange.
Bosses in Mario And Luigi Bowser's inside story Stats
Can you name the Bosses in Mario And Luigi Bowser's inside story?
By
luig99
10m
27 Questions
549 Plays
549 Plays
549 Plays
Comments
Comments
Give Quiz Kudos
Give Quiz Kudos
-
- Ratings
hide this ad
More Info
Replay
Link that replays current quiz
Next Quiz
Link to next quiz in quiz playlist
You Got
0%
They Got
Avg Score
66%
Avg Friend Score
Upgrade to see
Score Distribution
Jump to the score distribution portion of the page
Score
0/27
Timer
10:00
0
Plays Today
Hint
Answer
% Correct
Peach's Castle
Bowser
97.6%
Toad Town Mall
Bowser (second time)
97.6%
Cavi Cape
Midbus
91.1%
Bowser Castle
Midbus (second time)
91.1%
Airway
Dark Star
81.4%
Peach's Castle
Dark Bowser
81.4%
Peach's Castle
Dark Fawful
77%
Dimble Wood
Wiggler
75.8%
Dimble Wood
Bowser's Castle
74%
Peach's Castle
Blizzard Midbus
66.7%
Blubble Lake
Tower of Yikk
66.1%
Plack Beach
Broggy
65%
Nerve Cluster
Durmite
62.8%
Peach's Castle
Dark Star Core
62.3%
Hint
Answer
% Correct
Energy Hold
Wisdurm
61.6%
Bowser's Castle
Shroobs
61.4%
Memory Banks
Bowser Memory M
59.2%
Memory Banks
Bowser Memory L
59.2%
Plack Beach
Stone Blooper
58.5%
Peach's Castle Garden
Junker
57.9%
Flab Zone
Alpha Kretin
56.5%
Plack Beach
Broque Monsieur
54.6%
Bowser Castle
Fawful Express
53.2%
Flab Zone
Beta Kretin
51%
Plack Beach
Chakron
50.8%
Flame Pipe
Scutlet
50.1%
Peach's Castle Garden
Super Peach's Castle
44.8%
Quiz Playlist
Details
Report
Send in Message
Add To Playlist
More Info:
Includes Bowser Giant battles
Classic:
Type in answers that appear in a list
Last Updated: Feb 16, 2017
Quiz Scoreboard
CHALLENGE
Sign Up to Join the Scoreboard
Show All
Scores
Hide
Comments
May contain spoilers
Recently Published
Colored Red Africa Blitz
by spor1
Geography
30s
Find the 'City' Movie
by crazypaving
Movies
60s
5x2 Blitz: Bands
by SL_Kpop136
Music
30s
More to Explore
Quiz From the Vault
Featured Blog Post
14 Easter Pick-up Lines to Find Eggs With
hide this ad
You Might Also Like...
Tags
Mario Quiz
Nintendo Quiz
Bowser
luigi
Story
Today's Top Quizzes in Gaming
Browse Gaming
hide this ad
Today's Top Quizzes in Nintendo
Browse Nintendo
Top Contributed Quizzes in Gaming
1
League of Legends Pro Players by Career/Team History
2
Genshin murder mystery
3
Destiny 2 exotic weapons by perk icons
4
Dead By Daylight Logic Puzzle
5
Genshin Impact Logic Puzzle
6
Valorant Agent Developer Names (Up to Clove)
7
Overwatch 2: Ultimate Ability Icons
8
Who's on the WWE 2K24 Cover?
9
Genshin Impact Logic Puzzle Quiz II
10
4x4 Decades: Video Games
Explore More
Trending Topics
Disney
NBA
Harry Potter
Marvel
Crossword
Anime
Kpop
Country
The Office
Soccer
Pokémon
WWE
Puzzle
Song
NFL
hide this ad
More By:
luig99
Quiz
Plays
Rating
Category
Featured
Created
Bosses in Mario And Luigi Partners In Time
434
3.67
Gaming
Aug 16, 2013
Bosses in Mario And Luigi Bowser's inside story
549
4.33
Gaming
Aug 16, 2013
Mario, Wario, Yoshi, or Donkey Kong
449
3.00
Gaming
Jul 4, 2013
Bosses in Mario And Luigi Partners In Time
434
3.67
Gaming
Aug 16, 2013
Real and Fake Koopalings Minefield
384
5.00
Gaming
Jun 19, 2013
Mario Kart Courses by Game
306
4.80
Gaming
Jun 18, 2013
Go to Creator's Profile
Score Distribution
Quiz Creator Spotlight
luig99
Follow
Send a Message
Quizzes Created
-
Created Quiz Play Count
-
More By This Creator
Popular Quizzes Today
1
Colored Red Africa Blitz
2
Find the 'City' Movie
3
5x2 Blitz: Bands
4
Find the US States - No Outlines Minefield
5
The Countries of the World
6
Find the US States
7
US States
8
Find the Countries of Europe - No Outlines Minefield
More Gaming Quizzes
9x17 Mosaic Logic Puzzle VI
Quiz Lab
Trending Quizzes
Colored Red Europe Blitz I
Colored Red Europe Blitz II
Colored Red Africa Blitz II
Colored Red Europe Blitz III
Colored Red Africa Blitz III
Recently Updated
How Do You Spell That?
pecheneg
Godzilla Movies
pecheneg
Grab Bag: 4-10 Letters
pecheneg
2024 March Madness Bracket
pecheneg
Famous TV Couples
Peacemaker
Champions League XIs: Real Madrid
pecheneg
Largest US Cities 1790-2010
pecheneg
Rides in Walt Disney World
pecheneg
Most Oscar Losses (Acting)
pecheneg
Beyoncé Albums
pecheneg
Trending Topics
Crossword
Anime
Harry Potter
Kpop
Disney
Marvel
NBA
NFL
Puzzle
Pokémon
Country
The Office
Song
Soccer
WWE
Your Account Isn't Verified!
In order to create a playlist on Sporcle, you need to verify the email address you used during registration. Go to your
Sporcle Settings
to finish the process.
Report this User
Report this user for behavior that violates our
Community Guidelines
.
Details:
Send Report
Go to the Sporcle.com Mobile Site →
Comments